| 000 | 01131nam a22002537a 4500 | ||
|---|---|---|---|
| 001 | 78666 | ||
| 003 | BD-RjUL | ||
| 005 | 20211209083147.0 | ||
| 008 | 211028s2020 bg ||||| |||| 00| 0 ben d | ||
| 020 |
_a9789849395362 _c: Tk. 350.00 |
||
| 035 | _a(BD-RjUL)78892 | ||
| 040 |
_aBD-RjUL _beng _cBD-RjUL |
||
| 041 | _aben | ||
| 082 |
_223 _a954.162 _bDHP 2020 |
||
| 100 |
_aধর, কৃষ্ণমোহন _9249450 |
||
| 245 | 1 | 0 |
_aপূর্ব্ববঙ্গ ও আসাম : _bআসামের ভৌগোলিক ও ঐতিহাসিক বিবরণ / _cকৃষ্ণমোহন ধর ; সংগ্রহ, সংকলন ও সম্পাদনা মাহবুব সিদ্দিকী |
| 250 | _a১ম দিব্যপ্রকাশ সং. | ||
| 260 |
_aঢাকা : _bদিব্যপ্রকাশ, _c২০২০ |
||
| 300 |
_a২৩০ পৃ.; _b২২ সেমি. |
||
| 650 |
_aআসাম (ভারত) _xইতিহাস _9249451 |
||
| 650 |
_aAssam (India) _xHistory _9249452 |
||
| 700 |
_aসিদ্দিকী, মাহবুব _9249455 |
||
| 942 |
_2ddc _cBK |
||
| 999 |
_c78666 _d78666 |
||